U.S. States by Obscure Official State Symbols - Statistics

General Stats
  • This quiz has been taken 180 times
  • The average score is 31 of 51
Answer Stats
Official State Symbol Category Official State Symbol State % Correct
Hawaii Dance Hula Hawaii
98%
Texas Gemstone Cut Lone Star Cut Texas
97%
Idaho Vegetable Potato Idaho
96%
Colorado Song "Rocky Mountain High" Colorado
94%
Arizona Flower Saquaro Cactus Bloom Arizona
90%
Louisiana Cuisine Gumbo Louisiana
90%
Maine Crustacean Lobster Maine
90%
Massachusetts Historical Rock Plymouth Rock Massachusetts
90%
Kentucky Music Bluegrass Kentucky
89%
Alaska Sport Dog Mushing Alaska
88%
Ohio Tree ____ Buckeye Ohio
88%
Maryland Dog Chesapeake Bay Retriever Maryland
85%
District of Columbia March "Our Nation's Capital" District of Columbia
82%
Minnesota Sport Ice Hockey Minnesota
81%
Mississippi Tree Southern Magnolia Mississippi
81%
Wisconsin Domestic Animal Dairy Cow Wisconsin
81%
South Dakota Jewelry Black Hills Gold South Dakota
77%
Utah Emblem Beehive Utah
77%
Virginia Slogan "________ is for Lovers" Virginia
75%
Florida Marine Mammal _______ Manatee Florida
74%
Vermont Song "These Green Mountains" Vermont
74%
Nevada Reptile Desert Tortoise Nevada
73%
South Carolina Tree Sabal Palmetto South Carolina
69%
Wyoming Sport Rodeo Wyoming
68%
Montana Mammal Grizzly Bear Montana
67%
West Virginia Rock Bituminous Coal West Virginia
67%
Kansas Flower Wild Native Sunflower Kansas
65%
Rhode Island Shell Quahaug Rhode Island
65%
Washington Vegetable Walla Walla Sweet Onion Washington
64%
New Hampshire Rock Granite New Hampshire
58%
Georgia Prepared Food Grits Georgia
55%
Michigan Gem Isle Royale Greenstone Michigan
55%
North Dakota Honorary Equine Nokota Horse North Dakota
52%
Indiana River Wabash River Indiana
48%
Nebraska Symbol A covered wagon pulled by a pair of oxen Nebraska
48%
California Fabric Denim California
44%
Arkansas Musical Instrument Fiddle Arkansas
40%
Delaware Bird ________ Blue Hen Delaware
40%
Alabama Outdoor Drama "The Miracle Worker" Alabama
35%
North Carolina Sport Stock Car Racing North Carolina
35%
Oklahoma Monument Golden Driller Oklahoma
27%
Oregon Microbe Brewer's Yeast Oregon
27%
New York Muffin Apple Muffin New York
26%
Connecticut Cantata "The Nutmeg" Connecticut
25%
Illionis Prairie Grass Big Bluestem Illinois
25%
Tennessee Horse _________ Walking Horse Tennessee
24%
Pennsylvania Ship U.S. Brig Niagara Pennsylvania
23%
Iowa Flower Wild Rose Iowa
21%
New Mexico Question Red or Green? New Mexico
21%
Missouri Wonder Dog Jim the Wonder Dog Missouri
18%
New Jersey Dog Seeing Eye Dog New Jersey
17%
No matching quizzes found
Score Distribution
Percent of People with Each Score
Percentile by Number Answered
Your Score History
You have not taken this quiz